তিন কুড়ি দশ. তৃতীয় খন্ড, নতুন ভারত ১৯৪৮-৫৫ /

Detaylı Bibliyografya
Yazar: মিত্র, অশোক
Materyal Türü: Kitap
Dil:Bengali
Baskı/Yayın Bilgisi: কলকাতা : দে’জ পাবলিশিং (ভারত), ১৯৯৩ [তৃতীয় সংস্করণ ২০০০].
Konular:
Classic Catalogue: View this record in Classic Catalogue
LEADER 01380nam a22003017a 4500
001 38008
003 BD-DhAAL
005 20260413170800.0
008 220316r20001993ii a|||| |||| 001 0aben d
020 |a 8170793289 
040 |a BD-DhAAL  |c BD-DhAAL 
041 |a ben 
082 |a 891.44709  |2 23 
100 |a মিত্র, অশোক.  |9 47056 
245 |a তিন কুড়ি দশ.  |n তৃতীয় খন্ড, নতুন ভারত ১৯৪৮-৫৫ /  |c অশোক মিত্র. 
246 |a Tin kuri dash (Vol. III) 
260 |a কলকাতা :  |b দে’জ পাবলিশিং (ভারত),  |c ১৯৯৩ [তৃতীয় সংস্করণ ২০০০]. 
300 |a ২০৮ পৃষ্ঠা :  |b চিএ ;  |c ২১ সে.মি. 
362 |a Vol. 3 
500 |a নিঘন্ট অন্তভূক্ত ।  
541 |a Donated by Akbar Ali Khan  |e 38008 
600 |a Mittra, Asok  |d 1917-1999.  |9 47069 
650 |a Authors, Bengali  |v Biography.  |9 47058 
651 |a India  |x Officials and employees, Retired  |v Biography.  |9 47073 
852 |a Ayesha Abed Library  |c Akbar Ali Khan Collection 
942 |2 ddc  |c BK 
999 |c 43794  |d 43794 
952 |0 0  |1 0  |2 ddc  |4 0  |6 891_447090000000000_MIT  |7 1  |9 70160  |a BRACUL  |b BRACUL  |c AAKC  |d 2022-03-16  |e Donated by Akbar Ali Khan  |l 0  |o 891.44709 MIT  |p 3010038008  |r 2022-03-16  |t 1  |w 2022-03-16  |y BK